MDQL
is popping MORE tags! Check the
thread
!
Quizzes
Events
Quiz Creation
Community
Videos
Private Events
Remove Ads
Sign In
Join for FREE
Feedback
Dark Mode
Quiz Categories
Sports
Geography
Music
Movies
Television
Just For Fun
Miscellaneous
History
Literature
Language
Science
Gaming
Entertainment
Religion
Holiday
For Kids
Quiz Lab
Recent
Popular Today
Quiz Kudos Today
Editor Picks
Curator Picks
Quizzes by...
Day
Popularity
Type
Ratings
Length
Year
Community
Subscriptions
Recent Discussions
Orange Saloon
Badges
Playlists
Quests
Create
Leaderboards
Showdown
Live 5
Trivia Bingo
Activity
Puzzle Library
Sporcle Events
Private Events
Virtual Trivia
Globe League
Become a Host
Pub Owners
SporcleCon
Opinionation
Our Games
Videos
Blog
Mobile Apps
Partnerships
Remove Ads and Go Orange
Feedback
Sports
Athletes
MLB
NBA
NHL
NFL
Soccer
Sports Teams
WWE
NCAA
Football
Premier League
Basketball
Baseball
Hockey
Golf
Tennis
Cricket
Rugby
Auto Racing
Olympics
World Cup
Sports
Athletes
MLB
NBA
NHL
NFL
Soccer
Sports Teams
WWE
NCAA
Football
Premier League
Basketball
Baseball
Hockey
Golf
Tennis
Cricket
Rugby
Auto Racing
Olympics
World Cup
Random Quiz
Search Sporcle
×
Quiz Lab
Quiz Lab
Sports
NCAA
Type in answers that appear in a list
Type in answers that appear in a list
Classic
Best Score? Go Orange.
2013 Women's NCAA Tournament Teams Stats
Can you name the 2013 Women's NCAA Tournament Teams?
By
WomenSportTrivia
8m
64 Questions
62 Plays
62 Plays
62 Plays
Comments
Comments
Give Quiz Kudos
Give Quiz Kudos
-
- Ratings
hide this ad
Replay
Link that replays current quiz
Next Quiz
Link to next quiz in quiz playlist
You Got
0%
They Got
Avg Score
75%
Avg Friend Score
Upgrade to see
Score Distribution
Jump to the score distribution portion of the page
Score
0/64
Timer
08:00
0
Plays Today
Region
Team
% Correct
Oklahoma City
Baylor
95.2%
Oklahoma City
UCLA
95.2%
Spokane
California
95.2%
Norfolk
Notre Dame
95.2%
Norfolk
Duke
95.2%
Bridgeport
Connecticut
95.2%
Bridgeport
North Carolina
93.5%
Oklahoma City
Tennessee
91.9%
Oklahoma City
Oklahoma
91.9%
Spokane
Stanford
91.9%
Oklahoma City
Louisville
90.3%
Spokane
Georgia
90.3%
Spokane
LSU
90.3%
Spokane
Michigan
90.3%
Norfolk
Iowa
90.3%
Bridgeport
Michigan State
90.3%
Oklahoma City
Florida State
88.7%
Spokane
Penn State
88.7%
Norfolk
Oklahoma State
88.7%
Norfolk
Kansas
88.7%
Bridgeport
Kentucky
88.7%
Bridgeport
Maryland
88.7%
Spokane
Iowa State
87.1%
Spokane
Texas Tech
87.1%
Norfolk
Miami (FL)
87.1%
Norfolk
Texas A&M
85.5%
Bridgeport
Vanderbilt
83.9%
Oklahoma City
Purdue
82.3%
Norfolk
South Carolina
82.3%
Norfolk
Colorado
82.3%
Norfolk
Nebraska
82.3%
Oklahoma City
Syracuse
80.6%
Region
Team
% Correct
Spokane
Gonzaga
77.4%
Bridgeport
West Virginia
74.2%
Bridgeport
St. John's
72.6%
Oklahoma City
Princeton
71%
Norfolk
DePaul
69.4%
Bridgeport
Delaware
69.4%
Oklahoma City
Creighton
67.7%
Spokane
Fresno State
66.1%
Norfolk
South Dakota State
66.1%
Bridgeport
Idaho
66.1%
Spokane
Villanova
64.5%
Spokane
Green Bay
64.5%
Spokane
Montana
64.5%
Spokane
Tulsa
64.5%
Norfolk
Wichita State
64.5%
Bridgeport
Navy
64.5%
Bridgeport
Albany
62.9%
Spokane
South Florida
61.3%
Norfolk
Hampton
59.7%
Bridgeport
Dayton
59.7%
Bridgeport
St. Joseph's
59.7%
Oklahoma City
Middle Tennessee State
56.5%
Bridgeport
Marist
56.5%
Norfolk
Chattanooga
54.8%
Oklahoma City
Central Michigan
53.2%
Oklahoma City
Prairie View A&M
53.2%
Bridgeport
Quinnipiac
53.2%
Oklahoma City
Liberty
51.6%
Spokane
Cal Poly
50%
Norfolk
Tennessee-Martin
48.4%
Oklahoma City
Stetson
46.8%
Oklahoma City
Oral Roberts
37.1%
Quiz Playlist
Details
Report
Send in Message
Add To Playlist
Classic:
Type in answers that appear in a list
Quiz Source
Last Updated: Feb 16, 2017
Quiz Scoreboard
CHALLENGE
Sign Up to Join the Scoreboard
Show All
Scores
Hide
Comments
May contain spoilers
Recently Published
Holiday 10x10 Sorting Gallery
by lukepisani3
Holiday
15m
Two Season TV Shows II
by 123Four
Television
10m
Image Sorting: Flags VI
by Barbecue
Geography
2m
More to Explore
Quiz From the Vault
Featured Blog Post
14 Easter Pick-up Lines to Find Eggs With
hide this ad
You Might Also Like...
Tags
Basketball Quiz
NCAA Quiz
Women Sports
Today's Top Quizzes in Sports
Browse Sports
hide this ad
Today's Top Quizzes in NCAA
Browse NCAA
Top Contributed Quizzes in Sports
1
Les meilleurs buteurs des matchs entre le PSG et l’OM
2
Les entraîneurs de l'OM et du PSG au 21e siècle
3
2022 World Cup Stars
4
Les joueurs passés par le PSG et l'OM
5
Players with Multiple 50 Home Run Seasons
6
FIFA Club World Cup Champions
7
Top 10 NHL Goal Scorers of All Time
8
Les joueurs passés par le LOSC et le RC Lens
9
Criteria MLB: Left Handed Sluggers
10
2023 MLB Unique Player Accomplishments
Explore More
Trending Topics
Kpop
Disney
NBA
Harry Potter
Anime
Crossword
Marvel
The Office
Song
Soccer
WWE
Pokémon
NFL
Country
Puzzle
hide this ad
More By:
WomenSportTrivia
Quiz
Plays
Rating
Category
Featured
Created
NWSL Allocated Players
225
Sports
Apr 5, 2013
2013 Women's NCAA Tournament Teams
62
Sports
Apr 6, 2013
2011 FIFA Women's World Cup Results
50
Sports
Apr 5, 2013
Go to Creator's Profile
Score Distribution
Quiz Creator Spotlight
WomenSportTrivia
Follow
Send a Message
Quizzes Created
-
Created Quiz Play Count
-
More By This Creator
Popular Quizzes Today
1
Find the US States - No Outlines Minefield
2
Colored Red Africa Blitz
3
Find the 'City' Movie
4
The Countries of the World
5
5x2 Blitz: Bands
6
Find the Countries of Europe - No Outlines Minefield
7
Find the US States
8
US States
More Sports Quizzes
Billie Jean King, This Is Your Life
Published
Trending Quizzes
Colored Red Europe Blitz I
Colored Red Europe Blitz II
Colored Red Africa Blitz II
Even More Two Season TV Shows
Colored Red Africa Blitz III
Recently Updated
Odd Team Out - Big 4 Players
pecheneg
Quick Pick: 20 Twenties
pecheneg
March Madness Men's Triple Doubles
pecheneg
How Do You Spell That?
pecheneg
Godzilla Movies
pecheneg
Grab Bag: 4-10 Letters
pecheneg
2024 March Madness Bracket
pecheneg
Famous TV Couples
Peacemaker
Champions League XIs: Real Madrid
pecheneg
Largest US Cities 1790-2010
pecheneg
Trending Topics
Marvel
NBA
Harry Potter
Anime
Crossword
Kpop
Disney
Puzzle
NFL
Country
Song
Soccer
Pokémon
The Office
WWE
Your Account Isn't Verified!
In order to create a playlist on Sporcle, you need to verify the email address you used during registration. Go to your
Sporcle Settings
to finish the process.
Report this User
Report this user for behavior that violates our
Community Guidelines
.
Details:
Send Report
Go to the Sporcle.com Mobile Site →
Comments